1648 1611 1769 1028 1633 1095 1081 1611 1094 1195 1819 1526 1704 1860 1492 1415 1476 1193 1671 1946 1122 1983 1338 1208 1049 1270 1252 1100 1582 1596 1781 1215 1036 1502 1630 1011 1488 1956 1587 1258 1568 1504 1324 1776 1564 1980 1382 1602 1603 1127 1551 1986 1133 1865 1105 1356 1652 1493 1465 1883 1640 1374 1057 1441 1078 1894 1707 1669 1821 1560 1657 1600 1778 1285 1361 1273 1029 1022 1622 1747 1031 1331 1520 1578 1533 1267 1055 1500 1959 1076 1953 1320 1997 1069 1805 1319 1457 1574 1649 BCNSPRNW ULIB Ver.6.0+V

เปลี่ยนเป็นภาษาไทย

Change to English
 แสดงรายละเอียดบรรณานุกรม
  กลับหน้าหลัก

Brief Record : Get Marc (ISO 2709) : E-mail record : QR code < ปิดหน้าต่าง
LEADER : 00000nas 2200000uu 4500
001    13399126002
003     ULIB
008    180306s2560||||th 000 0 tha d
022 0  ^a25395688
110 1  ^aวารสารวิทยาศาสตร์และเทคโนโลยี มรย.
245 00 ^aวารสารวิทยาศาสตร์และเทคโนโลยี มรย.^cมหาวิทยาลัยราชภัฏยะลา
260    ^aยะลา;^bมหาวิทยาลัยราชภัฏยะลา,^c2560
310    ^aราย 6 เดือน
850 ^a ULIB^bปีที่ 2 ฉบับที่ 2 ฉ.1
945    ^p0^l0^i904815
999    ^aประนอม เกษจรัล
รายการนี้ยังไม่มีแท็ก
คุณยังไม่ได้ล็อกอิน คุณสามารถมีกิจกรรมร่วมกับเว็บไซต์ได้ แต่ต้องล็อกอินก่อน ::
  ล็อกอิน

รายการสื่อสารสนเทศ (วารสาร)

ดูแบบ: กล่อง รายการ
ARRIVED
ปีที่ 2 ฉบับที่ 2 ฉ.1
สถานที่: ห้องสมุดวิทยาเขตสวรรค์ประชารักษ์ >วารสาร

BibComment


ยังไม่เคยถูกคอมเมนท์

คอมเมนท์ทรัพยากรรายการนี้
  คอมเมนท์: วารสารวิทยาศาสตร..


 Copyright 2026. Bcnsprnw @Library